| 000 | 00749nam a22002057a 4500 | ||
|---|---|---|---|
| 999 |
_c479 _d479 |
||
| 003 | AR-CdUCM | ||
| 008 | 190223b ||||| |||| 00| 0 spa d | ||
| 040 |
_aMUNICIPALIDAD PROVINCIAL DEL CUSCO _cBIBLIOTECA MUNICIPAL DEL CUSCO |
||
| 082 |
_a869.143 / _bP49 |
||
| 100 |
_aPeza, Juan de Dios _91890 |
||
| 245 |
_aHogar y Patria : _bEl arpa del amor / |
||
| 260 |
_aMéxico : _bEditorial Porrua, S. A. ; _c1972. |
||
| 300 |
_a225 paginas ; _c22 cm. |
||
| 505 | _aA mis hijos -- Mi mejor lauro -- El culto del abuelo -- En el cielo y en la calle -- El canje de prisioneros : Los dos padres ... | ||
| 650 |
_aPoesías mexicanas _91891 |
||
| 650 |
_aSiglo XX _98 |
||
| 650 |
_aPatria en la Poesia _91892 |
||
| 942 |
_2ddc _cLIBROS |
||
| 945 |
_arum _d2019-02-23 |
||